Comentarios a las sentencias de unificacin̤ de doctrina Civil y mercantil. 2013-2014 / Volumen 6

Detalles Bibliográficos
Autor principal: Yzquierdo Tolsada, Mariano
Formato: eBook
Lenguaje:español
Publicado: Madrid: Dykinson, 2016
Materias:
Acceso en línea:Acceso restringido

MARC

LEADER 00000nam a22000007a 4500
005 20170309001359.0
007 cr|||| ||||
008 170309s2016 es |||||s|||| 00||0 spa d
020 |a 978-84-9085-869-1 
035 |a 14798 
040 |a vLex 
090 |c 6589  |d 6589 
100 1 |a Yzquierdo Tolsada, Mariano 
245 1 0 |a Comentarios a las sentencias de unificacin̤ de doctrina  |h [Recurso electrn̤ico] :  |b Civil y mercantil. 2013-2014 /  |c Mariano Yzquierdo Tolsada  |n Volumen 6 
256 |a Servicio en ln̕ea 
260 |a Madrid:  |b Dykinson,  |c 2016 
300 |a 1 recurso electrn̤ico 
500 |a Igual que ya sucede desde hace aǫs en las restantes Salas del Alto Tribunal, la Sala de lo Civil tom ̤la iniciativa en el aǫ 2006 gracias al impulso del que era su Presidente, don Juan Antonio Xiol, de unificar por medio de sentencias plenarias la doctrina jurisprudencial en tantos temas polm̌icos, pues eran muchas las contradicciones que se vena̕n padeciendo en el sistema de nuestro Derecho privado como consecuencia de que se dictaran sentencias muy dispares, y hasta de signo opuesto, para supuestos prc̀ticamente idňticos. Las sentencias del Pleno de la Sala Primera fueron as ̕una iniciativa considerada un verdadero acontecimiento, y ello que justific ̤que, al no tratarse de algo efm̕ero o coyuntural, diese lugar a que este sello editorial alumbrara toda una nueva coleccin̤ dedicada al anl̀isis de esas sentencias. Era preciso evitar que el conocimiento de sentencias tan importantes fuera ms̀ o menos indirecto o casual, a travš de obras generales, de monografa̕s o hasta de revistas dedicadas a comentarios jurisprudenciales que, teniendo algunas una calidad extraordinaria, no lograban ese props̤ito, al dar cabida las mismas a muchas otras sentencias que no tienen carc̀ter plenario. 
506 1 |a Disponible solo en los productos indicados  |d vLex Global  |d vLex Global (Academic Edition, excluding Law Schools)  |d vLex Global (U.S. Academic Edition, Law Schools)  |d vLex Global (U.S. Academic Edition, excluding Law Schools)  |d vLex Global (Academic Edition, Law Schools) 
650 0 4 |a Derecho Civil  |z Espaą 
650 0 4 |a Derecho Mercantil y de la Empresa  |z Espaą 
740 0 |a vLex Libros (Servicio en ln̕ea) 
856 4 0 |u http://vlex.com/source/comentarios-a-las-sentencias-de-unificacion-de-doctrina-civil-y-mercantil-volumen-6-2013-2014-14798  |z Acceso restringido 
942 |c BOOK 
999 0 |a Civil Law 
999 0 |a Commercial and Company Law